000
00289nam a22001217a 4500
003
OSt
008
250109b |||||||| |||| 00| 0 eng d
041
_a
eng
100
_a
Sharma, SD
_9
6910
245
_a
Complete Solution to Basic Mathematics
260
_a
Meerut,
_b
AS Prakashan
942
_c
BK
999
_c
19003
_d
19003